[Event "POL Cup op rapid"]
[Site "Lodz"]
[Date "2021.08.07"]
[Round "6"]
[White "Piechocki, Franciszek"]
[Black "Piesik, Piotr"]
[Result "0-1"]
[WhiteElo "2245"]
[BlackElo "2404"]
[PlyCount "56"]
[EventDate "2021.08.07"]
[EventType "swiss (rapid)"]
[EventRounds "9"]
[EventCountry "POL"]
[SourceTitle "CBM 203 Extra"]
[Source "ChessBase"]
[SourceDate "2021.09.30"]
[SourceVersion "1"]
[SourceVersionDate "2021.09.30"]
[SourceQuality "1"]

1. d4 c5 2. d5 e5 3. c4 d6 4. e4 Be7 5. Bd3 Bg5 6. Nc3 Bxc1 7. Rxc1 Ne7 8. Nge2 0-0 9. 0-0 Ng6 10. f4 exf4 11. Nxf4 Ne5 12. Qc2 Nbd7 13. Rce1 a6 14. Nd1 b5 15. cxb5 axb5 16. Bxb5 Rxa2 17. Nc3 Ra5 18. Bxd7 Bxd7 19. Nd3 Qe7 20. b4 cxb4 21. Nxb4 Rc8 22. Qb3 Rac5 23. Nc6 Nxc6 24. dxc6 Bxc6 25. Nd5 Qe6 26. Qd3 Bb5 27. Nf4 Bxd3 28. Nxe6 fxe6 0-1

[Event "POL-chT 2nd div North"]
[Site "Lublin"]
[Date "1999.??.??"]
[Round "2"]
[White "Kosiorek, Marek"]
[Black "Piechocki, Franciszek"]
[Result "1-0"]
[WhiteElo "2355"]
[BlackElo "2315"]
[PlyCount "59"]
[EventDate "1999.09.11"]
[EventType "team-swiss"]
[EventRounds "8"]
[EventCountry "POL"]
[SourceTitle "EXT 2003"]
[Source "ChessBase"]
[SourceDate "2002.11.25"]
[SourceVersion "1"]
[SourceVersionDate "2002.11.25"]
[SourceQuality "1"]
[WhiteTeam "Podlaskie Tow Szachowe"]
[BlackTeam "POL-chT 2nd div North 3"]
[WhiteTeamCountry "POL"]
[BlackTeamCountry "POL"]

1. d4 Nf6 2. c4 e6 3. Nc3 d5 4. Bg5 Be7 5. e3 c6 6. Nf3 Nbd7 7. Qc2 Ne4 8. Bxe7 Qxe7 9. Bd3 f5 10. 0-0 0-0 11. Nd2 b6 12. cxd5 Nxd2 13. d6 Nf3+ 14. gxf3 Qh4 15. Kh1 Bb7 16. Qe2 Qh5 17. f4 c5+ 18. f3 Rad8 19. Bc4 Rf6 20. Rad1 cxd4 21. Rxd4 Kh8 22. Ba6 Ba8 23. Rc4 Nc5 24. Bb5 a6 25. Ba4 Rxd6 26. b4 Rd2 27. Qxd2 Bxf3+ 28. Rxf3 Qxf3+ 29. Qg2 Qxe3 30. Qa8+ 1-0

[Event "Politiken Cup 14th"]
[Site "Copenhagen"]
[Date "1992.06.30"]
[Round "8"]
[White "Jahr, Ulrich"]
[Black "Piechocki, Franciszek"]
[Result "1-0"]
[WhiteElo "2260"]
[BlackElo "2280"]
[PlyCount "60"]
[EventDate "1992.06.22"]
[EventType "swiss"]
[EventRounds "10"]
[EventCountry "DEN"]
[SourceTitle "EXT 2002"]
[Source "ChessBase"]
[SourceDate "2001.11.25"]
[SourceVersion "1"]
[SourceVersionDate "2001.11.25"]
[SourceQuality "1"]

1. e4 c5 2. Nf3 d6 3. d4 cxd4 4. Nxd4 Nf6 5. Nc3 a6 6. Bc4 Qc7 7. Bb3 e6 8. g4 Nc6 9. Nxc6 Qxc6 10. Qe2 Nd7 11. Be3 Be7 12. Bd4 0-0 13. g5 Nc5 14. Rg1 b5 15. Nd5 Bd8 16. Qh5 e5 17. Nf6+ Bxf6 18. Bd5 Qxd5 19. exd5 Be7 20. Bxc5 dxc5 21. 0-0-0 Bd6 22. Qf3 Bd7 23. h4 c4 24. h5 Rfe8 25. g6 Re7 26. gxh7+ Kxh7 27. h6 f5 28. Qg3 Be8 29. hxg7 Kg8 30. Qh3 Rxg7 1-0

[Event "Dreszer op"]
[Site "Gdynia"]
[Date "1989.??.??"]
[Round "10"]
[White "Solozhenkin, Evgeniy"]
[Black "Piechocki, Franciszek"]
[Result "1-0"]
[WhiteElo "2405"]
[BlackElo "2255"]
[PlyCount "115"]
[EventDate "1989.??.??"]
[EventType "swiss"]
[EventRounds "10"]
[EventCountry "POL"]
[SourceTitle "EXT 1997"]
[Source "ChessBase"]
[SourceDate "1996.11.15"]
[SourceVersion "1"]
[SourceVersionDate "1996.11.15"]
[SourceQuality "1"]

1. e4 c5 2. Nf3 d6 3. d4 cxd4 4. Nxd4 Nf6 5. Nc3 a6 6. Be3 e5 7. Nf3 Be7 8. Bc4 0-0 9. Bg5 Nbd7 10. a4 b6 11. 0-0 Bb7 12. Re1 Rc8 13. Bxf6 Nxf6 14. Qd3 Ra8 15. Nd5 Nxd5 16. Bxd5 Bxd5 17. Qxd5 Qc7 18. Re2 Rac8 19. Rd1 Qc4 20. Qxc4 Rxc4 21. b3 Rc5 22. Ne1 Rc3 23. Nd3 Rfc8 24. Nb4 Kf8 25. Kf1 b5 26. axb5 axb5 27. Ra1 Bd8 28. Ra6 g6 29. Rd2 f5 30. exf5 gxf5 31. Rd5 Rb8 32. Rc6 Rxc6 33. Nxc6 Rc8 34. Rxd6 Be7 35. Re6 Ba3 36. b4 Kf7 37. Rd6 Bb2 38. Ke1 e4 39. Kd2 Bf6 40. Kd1 Ra8 41. Rd7+ Ke6 42. Ra7 Rc8 43. Ra6 Kd5 44. Na7 Rf8 45. Nxb5 Kc4 46. Nd6+ Kxb4 47. Nxf5 Bg5 48. g4 h5 49. h3 hxg4 50. hxg4 Rh8 51. Re6 Kc3 52. Rxe4 Rd8+ 53. Ke2 Rd2+ 54. Kf3 Rxc2 55. Re6 Kb4 56. Re4+ Kc5 57. Re5+ Kb6 58. Ne3 1-0

[Event "Dreszer Memorial"]
[Site "Gdynia"]
[Date "1987.??.??"]
[Round "9"]
[White "Borkowski, Franciszek"]
[Black "Piechocki, Franciszek"]
[Result "1-0"]
[WhiteElo "2450"]
[BlackElo "2275"]
[PlyCount "107"]
[EventDate "1987.??.??"]
[EventType "tourn"]
[EventRounds "11"]
[EventCountry "POL"]
[EventCategory "4"]
[SourceTitle "EXT 1997"]
[Source "ChessBase"]
[SourceDate "1996.11.15"]
[SourceVersion "1"]
[SourceVersionDate "1996.11.15"]
[SourceQuality "1"]

1. e4 c5 2. Nf3 d6 3. d4 cxd4 4. Nxd4 Nf6 5. Nc3 a6 6. Bc4 e6 7. Bb3 Be7 8. f4 Nc6 9. Be3 0-0 10. Qf3 Qc7 11. 0-0-0 b5 12. e5 Nxd4 13. Bxd4 Bb7 14. exf6 Bxf3 15. fxe7 Qxe7 16. gxf3 d5 17. Rhg1 g6 18. f5 Rad8 19. Rde1 Qh4 20. Bc5 Qf4+ 21. Kb1 Qxf5 22. Bxf8 Rxf8 23. Rgf1 Rc8 24. a3 Qf4 25. Re2 Rc5 26. Na2 d4 27. Nb4 Rh5 28. Nd3 Qd6 29. f4 a5 30. Rfe1 Kg7 31. Ne5 Rf5 32. Re4 g5 33. fxg5 a4 34. Ba2 b4 35. axb4 Qxb4 36. Nd3 Qb8 37. h4 a3 38. Rxd4 axb2 39. Bb3 Qg3 40. Rd7 Qxh4 41. Rxe6 Qxg5 42. Ree7 Rf1+ 43. Kxb2 h5 44. Bxf7 Kh6 45. Bb3 Qf6+ 46. c3 Qh8 47. Rd5 Qa8 48. Re6+ Kg7 49. Rg5+ Kh7 50. Rxh5+ Kg7 51. Rg5+ Kh7 52. Re1 Rf6 53. Reg1 Rb6 54. Rh5+ 1-0

[Event "Dreszer Memorial"]
[Site "Gdynia"]
[Date "1987.??.??"]
[Round "3"]
[White "Yudasin, Leonid"]
[Black "Piechocki, Franciszek"]
[Result "1-0"]
[WhiteElo "2505"]
[BlackElo "2275"]
[PlyCount "53"]
[EventDate "1987.??.??"]
[EventType "tourn"]
[EventRounds "11"]
[EventCountry "POL"]
[EventCategory "4"]
[SourceTitle "EXT 1997"]
[Source "ChessBase"]
[SourceDate "1996.11.15"]
[SourceVersion "1"]
[SourceVersionDate "1996.11.15"]
[SourceQuality "1"]

1. e4 c5 2. Nf3 d6 3. d4 cxd4 4. Nxd4 Nf6 5. Nc3 a6 6. f4 e5 7. Nf3 Qc7 8. a4 b6 9. Bd3 Bb7 10. 0-0 Be7 11. Qe2 Nbd7 12. Kh1 0-0 13. Nh4 Rfc8 14. Nf5 Bf8 15. fxe5 Nxe5 16. Bg5 Ne8 17. Ne3 Nxd3 18. cxd3 Qd7 19. Ned5 Bxd5 20. Nxd5 Rab8 21. Qf2 f6 22. Be3 Rc5 23. Bxc5 bxc5 24. Qc2 Nc7 25. Nxc7 Qxc7 26. Qc4+ Qf7 27. Qxa6 1-0